| 000 | 01115nam0a2200337 4500 | ||
|---|---|---|---|
| 001 | RU\NLR\bibl\484057 | ||
| 005 | 20260409080517.0 | ||
| 010 |
_a5-17-020819-7 _bАСТ |
||
| 010 |
_a5-9577-0651-5 _bЕрмак _95000 |
||
| 021 |
_aRU _b2003-68052 _93356 |
||
| 035 | _a(NLR Aleph) 000476796 | ||
| 090 |
_a1028393 _c1028393 |
||
| 100 | _a20040128d2003 |||y0rusy50 ca | ||
| 101 | 1 |
_arus _crus |
|
| 102 | _aRU | ||
| 105 | _ay ||||||||| | ||
| 200 | 1 |
_aТайны небесные _fЭмануэль Сведенборг _g[Перевод Е.Ю. Возовик] |
|
| 210 |
_aМ. _cАСТ _cЕрмак _d2003 |
||
| 215 |
_a555,[3] с. _d21 |
||
| 225 | 1 | _aPhilosophy | |
| 500 |
_aБиблия _iВ.З. _3RU\NLR\auth\553048 _92631015 |
||
| 605 |
_aБиблия _xТолкование _92076441 _3RU\NLR\auth\661251586 |
||
| 686 | _aЭ37-200.22 | ||
| 700 | 1 |
_aСведенборг _bЭ. _f1688-1772 _gЭмануэль _4070 |
|
| 801 | 0 |
_aRU _bNLR _c20040128 _gPSBO |
|
| 801 | 1 |
_aRU _bNLR _c20040128 |
|
| 830 | _aАвт. по кн. | ||
| 942 | _cBOOK | ||
| 980 | _aNB | ||